000
00304nam a22001337a 4500
008
170713b xxu||||| |||| 00| 0 eng d
020
_a
136008828
041
_a
eng
080
_a
101
100
_a
24
101
_a
FIL
245
_a
MORALITY AND RATIONAL SELF-INTEREST
_c
GAUTHIER, D.P
942
_2
udc
_c
BK
999
_c
20642
_d
20642